000 00203 a2200097 4500
020 _a35200004
041 _aspa
100 _aAlice y Martin Provensen
245 _aEl Libro de las Estaciones
942 _cBK
999 _c14984
_d14984